000 00499nam a22001817a 4500
005 20251108172947.0
008 250721s2000 xx 000 0 ara d
082 1 4 _a216.2/خطي
100 1 _aالخطيب، عبد العزيز عمر
245 1 0 _aالقيم المالية /
264 1 _aعمان :
_bدار عمار،
_c2000.
300 _a409ص
650 1 7 _aالعبادات
650 1 7 _aالفقة الإسلامي
650 1 7 _aالأموال
942 _2ddc
_cBK
999 _c92820
_d92820